000 00642nam a2200181 a 4500
005 20240907063648.0
008 991125s1971 ea 000 0 eng u
035 _aUPN01000000756
049 _aCG
050 4 _aLB1573
_bA3.9
245 0 4 _aThe Addison-Wesley :
_bearly reading program.
260 _aCalifornia [E.U.A.] :
_bAddison-Wesley,
_c1971.
300 _a196 p. :
_bil.
440 0 _aTeachers' manual
520 _aEl programa contiene: Big boy : preprimer. Friends for bigboy : first primer. Meet some new friends : second primer. Do some new things : book one
650 0 _aEducación primaria
_zEstados Unidos
_918493
905 _aLibro
999 _c756
_d756